000 00330 a2200157 4500
001 182680
020 _a85-00-30102-3
040 _cMagnum
100 _aAyala, Walmir
240 1 0 _aAntologia poética
_lpor
245 1 0 _aAntologia poética
300 _a108
440 1 _aEdiouro
697 _aLITERATURA GERAL
942 _cBK
999 _c182680
_d182680